000 00359nam a2200133Ia 4500
008 240624s9999 xx 000 0 und d
041 _aeng
082 _a658.4 McG
100 _aMCGOVERN MARION
245 _aNEW BRAND OF EXPERTISE HOW INDEPENDENT C
260 _c2001
_aBoston
_bButterworth Heinemann
300 _axxi, : 179 : p. : cm. ; 23
365 _c
_b30
999 _c16507
_d16507